| 000 | 00586nam a22002057a 4500 | ||
|---|---|---|---|
| 942 | _cBK | ||
| 999 |
_c731 _d731 |
||
| 005 | 20250420134822.0 | ||
| 008 | 211111b ||||| |||| 00| 0 eng d | ||
| 020 | _a9780262661157 | ||
| 040 | _cKCST | ||
| 082 |
_a004.019 _bPi Af |
||
| 100 |
_aPicard, Rosalind W. _95467 |
||
| 245 |
_aAffective computing / _cRosalind W. Picard |
||
| 260 |
_aCambridge, Mass.: _bThe MIT Press, _c2000. |
||
| 300 | _a292 p. | ||
| 650 |
_aHuman-computer interaction. _9732 |
||
| 650 |
_aUser Interfaces (Computer Systems) _9733 |
||
| 650 |
_aEmotions and cognition. _95468 |
||
| 942 | _2ddc | ||